The sants : (Record no. 124633)

MARC details
000 -LEADER
fixed length control field 00776nam a22002417a 4500
005 - DATE AND TIME OF LATEST TRANSACTION
control field 20170124105942.0
010 ## - LIBRARY OF CONGRESS CONTROL NUMBER
LC control number A-334402
020 ## - INTERNATIONAL STANDARD BOOK NUMBER
Terms of availability 00.00
International Standard Book Number 8120802772
035 ## - SYSTEM CONTROL NUMBER
System control number A-334402
037 ## - SOURCE OF ACQUISITION
Source of stock number/acquisition Cen Lib/Ret
040 ## - CATALOGING SOURCE
Original cataloging agency DPL
Language of cataloging EN
082 ## - DEWEY DECIMAL CLASSIFICATION NUMBER
Classification number 230.35
Item number SAN
245 ## - TITLE STATEMENT
Title The sants :
Statement of responsibility, etc edited by Karine Schomer [and] W.H. Mcleod
Remainder of title studies in a devotional tradition of india /
260 #h - PUBLICATION, DISTRIBUTION, ETC. (IMPRINT)
Place of publication, distribution, etc Delhi
Name of publisher, distributor, etc Motilal Banarasidas
Date of publication, distribution, etc 1987
270 ## - ADDRESS
City Delhi
Postal code 110007
Address Jawahar Nagar
300 ## - PHYSICAL DESCRIPTION
Extent viii, 472p.
Dimensions 21cm(Hb)
500 ## - GENERAL NOTE
General note Includes bibliographical references and index
650 ## - SUBJECT ADDED ENTRY--TOPICAL TERM
Topical term or geographic name as entry element Hinduism
Chronological subdivision
9 (RLIN) 91274
650 ## - SUBJECT ADDED ENTRY--TOPICAL TERM
Topical term or geographic name as entry element Sant tradition
9 (RLIN) 11437
700 ## - ADDED ENTRY--PERSONAL NAME
Personal name Schomer, Karine
9 (RLIN) 11438
700 ## - ADDED ENTRY--PERSONAL NAME
Personal name McLeod, W.H.
9 (RLIN) 11439
942 ## - ADDED ENTRY ELEMENTS (KOHA)
Source of classification or shelving scheme Dewey Decimal Classification
Koha item type English Books
Classification part 230.35
Call number suffix SCH
Holdings
Withdrawn status Lost status Damaged status Not for loan Home library Current library Date acquired Source of acquisition Cost, normal purchase price Total Checkouts Full call number Barcode Date last seen Date checked out Copy number Cost, replacement price Price effective from Koha item type
        Central Library Central Library 17/06/2015 Cen Lib/Ret 0.00 2 230.35 SAN A-334402 27/03/2024 27/01/2024 1 0.00 17/06/2015 English Books

© Delhi Public Library
Hit Counter
free hit counter